<?xml version="1.0" encoding="UTF-8"?>
<record
    xmlns:xsi="http://www.w3.org/2001/XMLSchema-instance"
    xsi:schemaLocation="http://www.loc.gov/MARC21/slim http://www.loc.gov/standards/marcxml/schema/MARC21slim.xsd"
    xmlns="http://www.loc.gov/MARC21/slim">

  <leader>01882nam a22003618a 4500</leader>
  <controlfield tag="001">016229223</controlfield>
  <controlfield tag="003">Uk</controlfield>
  <controlfield tag="005">20161024094420.0</controlfield>
  <controlfield tag="008">121210r20142013enk    frb    001 0 eng|d</controlfield>
  <datafield tag="015" ind1=" " ind2=" ">
    <subfield code="a">GBB2C4790</subfield>
    <subfield code="2">bnb</subfield>
  </datafield>
  <datafield tag="016" ind1="7" ind2=" ">
    <subfield code="a">016229223</subfield>
    <subfield code="2">Uk</subfield>
  </datafield>
  <datafield tag="020" ind1=" " ind2=" ">
    <subfield code="a">0349138931 (pbk)</subfield>
  </datafield>
  <datafield tag="020" ind1=" " ind2=" ">
    <subfield code="a">9780349138930 (pbk)</subfield>
  </datafield>
  <datafield tag="040" ind1=" " ind2=" ">
    <subfield code="a">StDuBDS</subfield>
    <subfield code="b">eng</subfield>
    <subfield code="c">StDuBDS</subfield>
    <subfield code="d">EG-ScBUE</subfield>
  </datafield>
  <datafield tag="082" ind1="0" ind2="4">
    <subfield code="2">22</subfield>
    <subfield code="a">330.90511 </subfield>
    <subfield code="b">HAR</subfield>
  </datafield>
  <datafield tag="100" ind1="1" ind2=" ">
    <subfield code="a">Harford, Tim,&#x200F;</subfield>
    <subfield code="d">1973-&#x200F; </subfield>
    <subfield code="9">41597</subfield>
  </datafield>
  <datafield tag="245" ind1="1" ind2="4">
    <subfield code="a">The undercover economist strikes back :</subfield>
    <subfield code="b">how to run - or ruin - an economy /</subfield>
    <subfield code="c">Tim Harford.</subfield>
  </datafield>
  <datafield tag="260" ind1=" " ind2=" ">
    <subfield code="a">London :</subfield>
    <subfield code="b">Abacus / Little, Brown Book Geroup,</subfield>
    <subfield code="c">c.2014.</subfield>
  </datafield>
  <datafield tag="263" ind1=" " ind2=" ">
    <subfield code="a">201304</subfield>
  </datafield>
  <datafield tag="300" ind1=" " ind2=" ">
    <subfield code="a">307 p. ;</subfield>
    <subfield code="c">20 cm.</subfield>
  </datafield>
  <datafield tag="500" ind1=" " ind2=" ">
    <subfield code="a">First published: London: Little, Brown, 2013.</subfield>
  </datafield>
  <datafield tag="500" ind1=" " ind2=" ">
    <subfield code="a">Index : p. 297-307.</subfield>
  </datafield>
  <datafield tag="504" ind1=" " ind2=" ">
    <subfield code="a">Bibliography : p. 387-.295.</subfield>
  </datafield>
  <datafield tag="520" ind1=" " ind2=" ">
    <subfield code="a">A million readers bought The Undercover Economist to get the lowdown on how economics works on a small scale, in our everyday lives. Since then, economics has become big news. Crises, austerity, riots, bonuses - all are in the headlines all the time. But how does this large-scale economic world really work? What would happen if we cancelled everyone's debt? How do you create a job? Will the BRIC countries take over the world? Asking - among many other things -- what the future holds for the Euro, why the banks are still paying record bonuses and where government borrowing will take us, in The Undercover Economist Strikes Back, Tim Harford returns with his trademark clarity and wit to explain what's really going on - and what it means for us all.</subfield>
  </datafield>
  <datafield tag="590" ind1=" " ind2=" ">
    <subfield code="a">Wessam</subfield>
  </datafield>
  <datafield tag="650" ind1=" " ind2="7">
    <subfield code="a">Economic history.</subfield>
    <subfield code="2">BUEsh</subfield>
    <subfield code="9">36878</subfield>
  </datafield>
  <datafield tag="650" ind1=" " ind2="7">
    <subfield code="a">Economics.</subfield>
    <subfield code="2">BUEsh</subfield>
    <subfield code="9">32006</subfield>
  </datafield>
  <datafield tag="650" ind1=" " ind2="7">
    <subfield code="a">Consumer education.</subfield>
    <subfield code="2">BUEsh</subfield>
    <subfield code="9">41598</subfield>
  </datafield>
  <datafield tag="651" ind1=" " ind2=" ">
    <subfield code="2">BUEsh</subfield>
  </datafield>
  <datafield tag="653" ind1=" " ind2=" ">
    <subfield code="b">BUSECO</subfield>
    <subfield code="c">October2016</subfield>
  </datafield>
  <datafield tag="653" ind1=" " ind2=" ">
    <subfield code="b">BUSADM</subfield>
    <subfield code="c">October2016</subfield>
  </datafield>
  <datafield tag="942" ind1=" " ind2=" ">
    <subfield code="2">ddc</subfield>
    <subfield code="e">22</subfield>
    <subfield code="k">330.90511 HAR</subfield>
  </datafield>
  <datafield tag="999" ind1=" " ind2=" ">
    <subfield code="c">22807</subfield>
    <subfield code="d">22779</subfield>
  </datafield>
  <datafield tag="952" ind1=" " ind2=" ">
    <subfield code="0">0</subfield>
    <subfield code="1">0</subfield>
    <subfield code="2">ddc</subfield>
    <subfield code="4">0</subfield>
    <subfield code="7">0</subfield>
    <subfield code="8">Baccah</subfield>
    <subfield code="a">MAIN</subfield>
    <subfield code="b">MAIN</subfield>
    <subfield code="c">1ST</subfield>
    <subfield code="d">2016-10-24</subfield>
    <subfield code="e">Purchase</subfield>
    <subfield code="g">90.00</subfield>
    <subfield code="h">25846</subfield>
    <subfield code="l">3</subfield>
    <subfield code="m">1</subfield>
    <subfield code="o">330.90511  HAR</subfield>
    <subfield code="p">000033951</subfield>
    <subfield code="r">2025-07-15 00:00:00</subfield>
    <subfield code="s">2023-07-09</subfield>
    <subfield code="v">112.50</subfield>
    <subfield code="y">BB</subfield>
  </datafield>
  <datafield tag="952" ind1=" " ind2=" ">
    <subfield code="0">0</subfield>
    <subfield code="1">0</subfield>
    <subfield code="2">ddc</subfield>
    <subfield code="4">0</subfield>
    <subfield code="7">0</subfield>
    <subfield code="8">Baccah</subfield>
    <subfield code="a">MAIN</subfield>
    <subfield code="b">MAIN</subfield>
    <subfield code="c">1ST</subfield>
    <subfield code="d">2016-10-24</subfield>
    <subfield code="e">Purchase</subfield>
    <subfield code="g">90.00</subfield>
    <subfield code="h">25846</subfield>
    <subfield code="l">1</subfield>
    <subfield code="m">8</subfield>
    <subfield code="o">330.90511  HAR</subfield>
    <subfield code="p">000033961</subfield>
    <subfield code="r">2025-07-15 00:00:00</subfield>
    <subfield code="s">2023-09-26</subfield>
    <subfield code="v">112.50</subfield>
    <subfield code="y">BB</subfield>
  </datafield>
</record>
